In vitro fertilization in the bovine : oocyte maturation, fertilization and early embryonic development /

Bibliographic Details
Main Author: Shamsuddin, Mohammed
Format: Thesis Book
Language:English
Published: Uppsala : Dept. of Obstetrics and Gynaecology, Faculty of Veterinary Medicine, Swedish University of Agricultural Sciences, 1993.
Subjects:

MARC

Tag First Indicator Second Indicator Subfields
LEADER 00000cam a2200000Ia 4500
001 in00004534849
005 20150715093631.0
008 940204s1993 sw a bm 000 0 eng
020 |a 9157647704 
020 |a 9789157647702 
035 |a (OCoLC)ocm29747844 
035 |a (OCoLC)29747844 
035 |z (UtOrBLW)70355 
035 |a 98336 
040 |a AGL  |b eng  |c AGL  |d IWA  |d OCLCQ  |d OCLCO  |d OCLCF  |d UtOrBLW 
049 |a TMVM 
070 0 |a SF201.S52  |b 1993 
082 0 4 |a 636.20824 
090 |a SF201  |b S53x, 1993 
100 1 |a Shamsuddin, Mohammed. 
245 1 0 |a In vitro fertilization in the bovine :  |b oocyte maturation, fertilization and early embryonic development /  |c Mohammed Shamsuddin. 
264 1 |a Uppsala :  |b Dept. of Obstetrics and Gynaecology, Faculty of Veterinary Medicine, Swedish University of Agricultural Sciences,  |c 1993. 
300 |a 1 volume (various pagings) :  |b illustrations ;  |c 24 cm. 
336 |a text  |b txt  |2 rdacontent 
337 |a unmediated  |b n  |2 rdamedia 
338 |a volume  |b nc  |2 rdacarrier 
502 |b doctoral  |c Swedish University of Agricultural Sciences  |d 1993. 
504 |a Includes bibliographical references. 
650 0 |a Cattle  |x Embryos. 
650 0 |a Fertilization in vitro. 
650 7 |a Cattle  |x Embryos.  |2 fast  |0 (OCoLC)fst00849535 
650 7 |a Fertilization in vitro.  |2 fast  |0 (OCoLC)fst00923195 
999 |a MARS 
999 f f |s 94ca16f9-cd88-3c67-b858-25452328e036  |i dd6b4e24-6e67-3a78-8f26-a117e73c871a  |t 0 
952 f f |p storage  |a Texas A&M University  |b J.J. Pickle Campus  |c High Density Repository  |d Remote Storage  |t 0  |h No information provided  |i unmediated -- volume  |m 323890253867D 
998 f f |t 0  |l Remote Storage